MARC

LEADER 00000nam0a2200000 4500
001 195860
005 20231101224642.0
010 |b 400 экз. 
035 |a (RuTPU)RU\TPU\book\213674 
035 |a RU\TPU\tpu\367 
090 |a 195860 
100 |a 20110516d1923 m y0rusy50 ca 
101 0 |a rus 
102 |a RU 
105 |a f j 000zy 
200 1 |a Сборник задач с подробными решениями по теоретической механике 1-й  |e  отдел: статика  |f В. С. Колосунин  |g Томский технологический институт (ТТИ) Императора Николая II, Студенческий Технический Кружок 
210 |a Томск  |c Типо-литография 6-го Линейного Отдела Сибопса  |d 1923 
215 |a 50 с.  |c 12 табл. 
300 |a Литограф. изд. 
300 |a Издание Студенческого Технического Кружка при ТТИ , № 20 
316 |5 63413507: ШкА/2191  |a На обложке надпись: "В Библиотеку ТТИ-та от автора. 9.II.1923 г." 
606 1 |a Механика теоретическая  |2 stltpush  |3 (RuTPU)RU\TPU\subj\59441  |9 76991 
610 1 |a механика 
610 1 |a гидромеханика 
610 1 |a аэромеханика 
610 1 |a учебные пособия 
610 1 |a труды учёных ТПУ 
610 1 |a выпускники ТПУ 
610 1 |a задачники 
610 1 |a статика 
610 1 |a Коллекция ТПУ 
610 1 |a дарственные надписи 
610 1 |a дары автора 
610 1 |a дары библиотеке 
675 |a 531  |v 3 
700 1 |a Колосунин  |b В. С.  |c выпускник МФ ТТИ 1921 г.  |c преподаватель ТТИ  |f 1892-?  |g Василий Степанович  |2 stltpush  |3 (RuTPU)RU\TPU\pers\23410  |9 10186 
712 0 2 |a Томский технологический институт (ТТИ)  |b Студенческий Технический Кружок  |c (1896-1923)  |2 stltpush  |3 (RuTPU)RU\TPU\col\9244 
801 0 |a RU  |b 63413507  |c 20011210  |g PSBO 
801 2 |a RU  |b 63413507  |c 20210211  |g PSBO 
942 |c BK